Εξελικτική βιολογία
Αποθηκεύτηκε σε:
| Κύριος συγγραφέας: | |
|---|---|
| Άλλοι συγγραφείς: | |
| Μορφή: | Βιβλίο |
| Γλώσσα: | Greek English |
| Δημοσίευση: |
Ηράκλειο :
Πανεπιστημιακές Εκδόσεις Κρήτης,
1995.
|
| Έκδοση: | 2η έκδ. |
| Θέματα: | |
| Ετικέτες: |
Προσθήκη ετικέτας
Δεν υπάρχουν, Καταχωρήστε ετικέτα πρώτοι!
|
MARC
| LEADER | 00000cam a2200000 i 4500 | ||
|---|---|---|---|
| 001 | 1/102712 | ||
| 008 | 950509s1995 gr | ||| |||| | gre|| | ||
| 020 | |a 9607309200 | ||
| 035 | |l 10012613 | ||
| 040 | |a GR-MyUA |b gre |e AACR2 | ||
| 041 | 1 | |a gre |h eng | |
| 082 | 0 | |a 575 | |
| 100 | 1 | |a Futuyma, Douglas J., |d 1942- | |
| 245 | 1 | 0 | |a Εξελικτική βιολογία / |c Douglas J. Futuyma ; απόδοση στα ελληνικά Λευτέρης Ζούρος ... [κ.ά.]. |
| 250 | |a 2η έκδ. | ||
| 260 | |a Ηράκλειο : |b Πανεπιστημιακές Εκδόσεις Κρήτης, |c 1995. | ||
| 300 | |a 740 σ. : |b εικ. ; | ||
| 504 | |a Περιέχει βιβλιογραφία. | ||
| 650 | 0 | 0 | |a Biology. |
| 650 | 0 | 0 | |a Evolution (Biology) |
| 700 | 1 | |a Ζούρος, Ελευθέριος, |e trl | |
| 765 | 0 | 8 | |i Μετάφραση του: |t Evolutionary Biology / |
| 852 | |a INST |b CHIOS |e 20050407 |h 575 FUT |p 005200022253 |q 005200022253 |t BK |y 0 | ||
| 852 | |a INST |b CHIOS |e 20050125 |h 575 FUT |p 005200022613 |q 005200022613 |t BK |y 0 | ||
| 852 | |a INST |b LESVOS |e 19950509 |h 575 FUT |p 005100001181 |q 005100001181 |t BK |y 0 | ||
| 852 | |a INST |b LESVOS |e 19980605 |h 575 FUT |p 005100014561 |q 005100014561 |t BK |y 0 | ||
| 852 | |a INST |b LESVOS |e 19980605 |h 575 FUT |p 005100014562 |q 005100014562 |t BK |y 0 | ||
| 852 | |a INST |b LESVOS |e 19980605 |h 575 FUT |p 005100014563 |q 005100014563 |t BK |y 0 | ||
| 852 | |a INST |b LESVOS |e 19980605 |h 575 FUT |p 005100014564 |q 005100014564 |t BK |y 0 | ||
| 852 | |a INST |b LESVOS |e 20000117 |h 575 FUT |p 005100022230 |q 005100022230 |t BK |y 0 | ||
| 852 | |a INST |b LESVOS |e 20000117 |h 575 FUT |p 005100022231 |q 005100022231 |t BK |y 0 | ||
| 852 | |a INST |b LESVOS |e 20000117 |h 575 FUT |p 005100022232 |q 005100022232 |t BK |y 0 | ||
| 852 | |a INST |b LESVOS |e 20000117 |h 575 FUT |p 005100022233 |q 005100022233 |t BK |y 0 | ||
| 852 | |a INST |b LESVOS |e 20051115 |h 575 FUT |p 005100032944 |q 005100032944 |t BK |y 0 | ||
| 852 | |a INST |b LESVOS |e 20051115 |h 575 FUT |p 005100032945 |q 005100032945 |t BK |y 0 | ||
| 852 | |a INST |b LESVOS |e 20051115 |h 575 FUT |p 005100032946 |q 005100032946 |t BK |y 0 | ||
| 852 | |a INST |b LESVOS |e 20051115 |h 575 FUT |p 005100032947 |q 005100032947 |t BK |y 0 | ||
| 852 | |a INST |b LESVOS |e 20051115 |h 575 FUT |p 005100032948 |q 005100032948 |t BK |y 0 | ||
| 852 | |a INST |b LESVOS |e 20051115 |h 575 FUT |p 005100032949 |q 005100032949 |t BK |y 0 | ||
| 852 | |a INST |b LESVOS |e 20051115 |h 575 FUT |p 005100032950 |q 005100032950 |t BK |y 0 | ||
| 852 | |a INST |b LESVOS |e 20051115 |h 575 FUT |p 005100032951 |q 005100032951 |t BK |y 0 | ||
| 901 | |a BIBL-1998-2 | ||
| 901 | |a BIBL2-2005-1 | ||
| 901 | |a BIBL1-2005-3 | ||
| 909 | |a Χ |b 112329 | ||
| 909 | |a Χ |b 112044 | ||
| 909 | |a Λ |b 056213 | ||
| 909 | |a Λ |b 056215 | ||
| 909 | |a Λ |b 021797 | ||
| 909 | |a Λ |b 056214 | ||
| 909 | |a Λ |b 056216 | ||
| 909 | |a Λ |b 072377 | ||
| 909 | |a Λ |b 072374 | ||
| 909 | |a Λ |b 072376 | ||
| 909 | |a Λ |b 072375 | ||
| 909 | |a Λ |b 118139 | ||
| 909 | |a Λ |b 118133 | ||
| 909 | |a Λ |b 118123 | ||
| 909 | |a Λ |b 118138 | ||
| 909 | |a Λ |b 118136 | ||
| 909 | |a Λ |b 118135 | ||
| 909 | |a Λ |b 118134 | ||
| 909 | |a Λ |b 118137 | ||
| 920 | |a ΔΙΕΥΡΥΝΣΗ |b ΕΠΕΑΕΚ-ΤΜΟΔ |y Χίος |z 2004-12 | ||
| 920 | |a ΔΙΕΥΡΥΝΣΗ |b ΕΠΕΑΕΚ-ΤΕΘ |y Λέσβος |z 2005-10 | ||
| 922 | |a 1ΔΩΡ |b 199805 |c ΦΜ | ||
| 922 | |a 1ΕΛΗ |b 199912 |c ΚΠΣ/ΤΠ |d EMVASIS | ||
| 950 | |a 107-1998-03-31 | ||